Soil not oil: (Record no. 37682)

MARC details
000 -LEADER
fixed length control field 00720nam a22001937a 4500
005 - DATE AND TIME OF LATEST TRANSACTION
control field 2010072600310.0
010 ## - LCCN (DPL NO)
LC control number ENG-97042
020 ## - INTERNATIONAL STANDARD BOOK NUMBER
International Standard Book Number 9788188965553
Terms of availability 225.00
035 ## - SYSTEM CONTROL NUMBER
System control number EN-80575
037 ## - SOURCE OF ACQUISITION
Source of stock number/acquisition DBAD/PUB
082 ## - DEWEY DECIMAL CLASSIFICATION NUMBER
Classification number 333.8232
100 ## - MAIN ENTRY--PERSONAL NAME
Personal name Vandana Shiva
245 ## - TITLE STATEMENT
Title Soil not oil:
Remainder of title climate change, peak oil, and food insecurity /
Statement of responsibility, etc by Vandana Shiva
260 ## - PUBLICATION, DISTRIBUTION, ETC. (IMPRINT)
Place of publication, distribution, etc New Delhi
Name of publisher, distributor, etc Women Unlimited
Date of publication, distribution, etc 2008
270 ## - ADDRESS
Address K-36, Hauz Khas Enclave, Ground Floor
City New Delhi
Postal code 110016
300 ## - PHYSICAL DESCRIPTION
Extent 156p.
Dimensions 22cm. (pbk)
942 ## - ADDED ENTRY ELEMENTS (KOHA)
Source of classification or shelving scheme Dewey Decimal Classification
Item type English Books
Classification part 333.8232
Call number suffix SHI
Holdings
Withdrawn status Lost status Not for loan Collection code Home library Current library Date acquired Source of acquisition Cost, normal purchase price Full call number Barcode Copy number Cost, replacement price Koha item type
    Not For Loan Non-fiction D.B.Act.Division D.B.Act.Division 26/07/2010 DBAD/PUB 225.00 333.8232 SHI EN-80575 1 225.00 English Books

© Delhi Public Library
Hit Counter
free hit counter